| 000 | 00581 a2200157 4500 | ||
|---|---|---|---|
| 020 | _a2863320211 | ||
| 020 | _a9782863320211 | ||
| 090 |
_c130 _d130 |
||
| 100 | 1 | _aGerbal, D. and A. Mazure (eds). | |
| 245 | 1 | 0 |
_aClustering in the universe = : _bL'univers et ses structures / _cD. and A. Mazure (eds). Gerbal. |
| 260 |
_a[S.l.] : _bEditions Frontieres, _c1983. |
||
| 300 |
_a349 p. ; _c22 cm. |
||
| 500 | _aHardcover. | ||
| 942 |
_aSNS _cBK _k523.112 GER |
||
| 999 |
_c28769 _d28769 |
||